000
00238nam a2200097Ia 4500
008
230508s1999 xx 000 0 und d
041
_a
eng
100
_a
TOKHEIM
245
_a
DIGITAL ELECTRINICS PRIN OF PRACTICE
260
_b
TATA MCG
_c
1999
999
_c
332154
_d
332154